UK market review : sports.
| Corporate Author: | |
|---|---|
| Format: | Book |
| Published: |
Hampton:
Key Note Publications,
1995.
|
| Subjects: |
| LEADER | 00522cam a2200169 7i4500 | ||
|---|---|---|---|
| 001 | 0000005007 | ||
| 005 | 19991025090000.0 | ||
| 002 | ##000006581 | ||
| 020 | 0 | 0 | |a 1-85765-440-4 |
| 090 | 0 | 0 | |a P 688.76 |b MAL |
| 110 | 1 | 0 | |a Malaysian External Trade Development Corporation(MATRADE) |
| 245 | 0 | 0 | |a UK market review : |b sports. |
| 260 | 0 | 0 | |a Hampton: |b Key Note Publications, |c 1995. |
| 300 | 0 | 0 | |a 91 p.. |
| 650 | 0 | 0 | |a Sporting goods -- |z United Kingdom |
| 651 | 0 | 0 | |a United Kingdom |
| 999 | |a 0000007703 |b Book |c Open shelf |e Business Information Centre | ||


